| 000 | 00810cam a22002413a 4500 | ||
|---|---|---|---|
| 001 | 17587 | ||
| 003 | PGUSA | ||
| 005 | 20140828083356.0 | ||
| 008 | 060123s2006||||xxu|||||s|||||000 | eng d | ||
| 040 |
_aPGUSA _beng |
||
| 042 | _adc | ||
| 050 | 4 | _aD501 | |
| 100 | 1 |
_aThurstan, Violetta, _d1879-1978 |
|
| 245 | 1 | 0 |
_aField Hospital and Flying Column : _bBeing the Journal of an English Nursing Sister in Belgium and Russia _h[electronic resource] / _cVioletta Thurstan |
| 260 |
_bProject Gutenberg, _c2006 |
||
| 506 | _aPublic domain in the USA. | ||
| 516 | _aElectronic text | ||
| 653 | _aWorld War, 1914-1918 -- Hospitals, charities, etc. | ||
| 653 | _aWorld War, 1914-1918 -- Personal narratives | ||
| 830 | 0 |
_aProject Gutenberg _v17587 |
|
| 856 | 4 | 0 | _uhttp://www.gutenberg.org/ebooks/17587 |
| 942 | _cEB | ||
| 999 |
_c246842 _d246842 |
||